History Quiz

Random History or Clickable Quiz

(EM) King Henry VIII: Historically Speaking Part I Quiz Stats

 Plays Quiz not verified by Sporcle

Score 0/37 Timer 12:00
0 Plays Today
% Correct
Henry VII
97.9%
Elizabeth of York
95.4%
Catherine of Aragon
93.9%
Westminster Abbey
93.3%
Tudor
93.2%
France
88.3%
2
85.9%
'Greensleeves'
85.2%
Elizabeth
84.9%
Henry FitzRoy
84.6%
Anne Boleyn
84.4%
Princess Dowager
84%
Placentia in Greenwich
83.9%
Fidei Defensor (Defender of the Faith)
83.7%
Real Tennis
83.7%
Mary Tudor (Bloody Mary)
83%
Gambling, especially with dice
82.1%
Luis XII
80.1%
Flodden
77.8%
% Correct
300
76.9%
Acts of Supremacy
76.3%
Thomas Cromwell
74.7%
Clement VII
71.9%
Cardinal Thomas Wolsey
71%
Treasons Act
69.6%
Act of Succession
67.6%
Thomas Cranmer
64%
Sir Thomas More
63.6%
Holy League
61.5%
Treaty of the More
58.2%
57,000 - 72,000
56.3%
Act in Restraint of Appeals
56.1%
Spurs
54.1%
'Pastime with Good Company' ('The Kynges Balade')
52%
John Skelton
45.2%
Treaty of London
42.2%
Richard Foxe
32.1%

You're not logged in!

Compare scores with friends on all Sporcle quizzes.
Join for Free
OR
Log In

You Might Also Like...

Show Comments

Extras

Top Quizzes Today


Score Distribution

Your Account Isn't Verified!

In order to create a playlist on Sporcle, you need to verify the email address you used during registration. Go to your Sporcle Settings to finish the process.

Report this User

Report this user for behavior that violates our Community Guidelines.

Details: